000 00977nam a22002777a 4500
003 OSt
005 20250822132708.0
008 250710b |||||||| |||| 00| 0 eng d
020 _a9780128092835 (Hardcover)
_cUSD 890.00
024 _a9780081025703
_q Volume 3
040 _aNUST
_beng
_cNUST
_dNUST
_erda
050 _aREF QC355.2 ENC
245 _aEncyclopedia of modern optics, volume 3 /
_cedited by Bob D. Guenther and Duncan G. Steel.
250 _aSecond edition.
260 _aAmsterdam :
_bElsevier,
_c©2018.
300 _axiii, 280 pages :
_bIllustrations ;
_c28 cm.
336 _2rdacontent
_atext
_btxt
337 _2rdamedia
_aunmediated
_bn
338 _2rdacarrier
_avolume
_bnc
504 _aIncludes bibliographical references.
650 _aPhysics.
650 _aOptics
_xLight.
700 _aGuenther, Bob D.
_eEditor
700 _aSteel, Duncan G.
_eEditor
942 _2lcc
_cREF
_eSecond edition.
_hREF QC355.2 ENC
_kQC
_mENC
_n0
999 _c172215
_d172215